| 000 | 01154nam a2200301 i 4500 | ||
|---|---|---|---|
| 001 | 94035 | ||
| 003 | ES-MaACL | ||
| 005 | 20250624062911.0 | ||
| 007 | t| | ||
| 008 | 050531s1964 sp ||||1| spa d | ||
| 080 | _a730 Bloc, André (083.82) | ||
| 100 | 1 |
_aBloc, André. _929500 |
|
| 245 | 1 | 0 |
_aAndré Bloc _b: [exposición, Sala de Santa Catalina del Ateneo de Madrid, octubre de 1964] / _c[Textos: Mathias Goeritz, Carlos-Antonio Arean]. |
| 260 |
_a[Madrid] : _bPublicaciones Españolas, _c[1964] |
||
| 300 |
_a[22] p. : _bil. ; _c28 cm. |
||
| 490 | 1 |
_aCuadernos de arte. Colección ordinaria ; _v173 |
|
| 600 | 0 | 4 |
_aBloc, André _929500 |
| 610 | 2 | 7 |
_aAteneo de Madrid- _vExposiciones- _y1960-1969. _91920 |
| 655 | 7 |
_2tgfbne _9193628 _aCatálogos de exposiciones |
|
| 700 | 1 |
_aGoeritz, Mathias. _957564 |
|
| 700 | 1 |
_aAreán, Carlos, _d1921-1996 _922562 |
|
| 710 | 2 |
_aAteneo de Madrid. _bSala de Santa Catalina. _91964 |
|
| 830 | 0 |
_aCuadernos de arte. Colección ordinaria _v173 _9180064 |
|
| 852 |
_aES-MaACL _j2195-F-12 _bR.136174 _997530 |
||
| 852 |
_aES-MaACL _jG-13302(7) _997529 |
||
| 942 | _2udc | ||
| 999 |
_c94035 _d94035 |
||